00846nam a2200241Ia 450000100060000000300090000600800410001504000130005604000130006904100120008210000180009410000290011224500410014124500250018225000110020726000110021826000140022926000490024330000570029250001970034965000270054665000310057335414IT-RoPAU130308s9999 xx 000 0 und d aIT-RoPAU cIT-RoPAU aINGLESE aBurgin Victor gCodice Aut. SPICS: 16805 aPhotographic Practice and Art Theory bThinking Photography a1a ed. aLONDON bMacmillan c1984 [1° Ed.:1982 - Ed.Ling.Originale:1982] a"45 p. (prefazione: no ; testo: 45 [pagine: 39-83])" aPratica Fotografica e Teoria dell'arte Linguaggio e Parola significante e Significato Sintagma e Sistema Denotazione e Connotazione Operazioni retoriche relazioni classificazione delle Figure aLINGUAGGIO FOTOGRAFICO eCodice materia Spics: 6754